| 000 | 00775nam a2200205Ii 4500 | ||
|---|---|---|---|
| 003 | JO-AjNU | ||
| 008 | 230605s9999||||xx |||||||||||||| ||und|| | ||
| 040 |
_aJO-AjNU _bara _erda _cJO-AjNU |
||
| 041 | _aara | ||
| 050 | 1 | 4 | _aJF56.D872.1985 |
| 100 | 3 |
_aدرة، عبد الباري , _eauthor _940107 |
|
| 245 | 0 | 0 | _aتقنيات إدارية حديثة ، المنهجية ، ونماذج منتفاة |
| 250 | _aط1 | ||
| 264 | 3 | 1 | _aبيروت : دار الجيل ، عمان ، مكتبة المحتسب ،1985 |
| 300 | _a233ص | ||
| 336 |
_atext _btxt _2rdacontent |
||
| 337 |
_aunmediated _bn _2rdamedia |
||
| 338 |
_avolume _bnc _2rdacarrier |
||
| 650 | 4 |
_aادارة عامة -- تعلم وتعليم -- عالم عربي -- الاحوال السياسية _940108 |
|
| 999 |
_aA16993 _c20561 _d20561 |
||